000 00320nam a2200121Ia 4500
008 240731s9999 xx 000 0 und d
022 _a2002-0317
245 0 _aNordic Journal of Studies in Educational Policy
260 _bRoutledge
856 _uhttps://www.tandfonline.com/loi/znst20
942 _2ddc
942 _cTFEJ
999 _c78746
_d78746
945 _a1
_bMadushi Gamage
_c1
_dMadushi Gamage